000
00311nam a22001457a 4500
003
SGT
020
_a
9789395624596
082
_a
954.04
_b
GUH
100
_a
GUHA RAMACHANDRA
245
_a
INDIA AFTER GANDHI
_b
A HISTORY
250
_a
3
260
_a
NEW DELHI
_b
PICADOR
_c
2023
300
_a
942
942
_2
ddc
_c
BK
999
_c
34431
_d
34431